Griffiths complete building price book 2011 (Record no. 112159)

MARC details
000 -LEADER
fixed length control field 00761cam a22002415a 4500
001 - CONTROL NUMBER
control field L152669
008 - FIXED-LENGTH DATA ELEMENTS--GENERAL INFORMATION
fixed length control field 110411s2011 xxk f 000 0 eng d
020 ## - INTERNATIONAL STANDARD BOOK NUMBER
International Standard Book Number 9781901856316
035 ## - SYSTEM CONTROL NUMBER
System control number (Sirsi) u152669
041 0# - LANGUAGE CODE
Language code of text/sound track or separate title eng
050 04 - LIBRARY OF CONGRESS CALL NUMBER
Classification number 692.5 $2 18
110 2# - MAIN ENTRY--CORPORATE NAME
Corporate name or jurisdiction name as entry element Franklin and Andrews
9 (RLIN) 2518
245 00 - TITLE STATEMENT
Title Griffiths complete building price book 2011
250 ## - EDITION STATEMENT
Edition statement 57th ed.
260 ## - PUBLICATION, DISTRIBUTION, ETC.
Place of publication, distribution, etc. Croydon
Name of publisher, distributor, etc. Franklin & Andrews
Date of publication, distribution, etc. 2011
300 ## - PHYSICAL DESCRIPTION
Extent 579p.
Dimensions 24cm.
520 ## - SUMMARY, ETC.
Summary, etc. Contains prices for labour and materials for mid-scale new work and small- to mid-scale alterations and repairs. Provides location factors for UK regions.
521 ## - TARGET AUDIENCE NOTE
Target audience note Advanced
651 #4 - SUBJECT ADDED ENTRY--GEOGRAPHIC NAME
Geographic name United Kingdom
Chronological subdivision
690 ## - LOCAL SUBJECT ADDED ENTRY--TOPICAL TERM (OCLC, RLIN)
Topical term or geographic name as entry element BUILT ENVIRONMENT-BUILDING COSTS
942 ## - ADDED ENTRY ELEMENTS (KOHA)
Suppress in OPAC 0
Holdings
Withdrawn status Lost status Source of classification or shelving scheme Damaged status Not for loan Home library Current library Shelving location Date acquired Cost, normal purchase price Total Checkouts Full call number Barcode Date last seen Copy number Cost, replacement price Price effective from Koha item type
    Dewey Decimal Classification     London London Books 19/04/2011 84.49   692.5 GRI 30077169 06/08/2019 1 84.49 06/08/2019 Book